<?xml version="1.0" encoding="UTF-8"?><?xml-stylesheet type="text/xsl" href="static/style.xsl"?><OAI-PMH xmlns="http://www.openarchives.org/OAI/2.0/" xmlns:xsi="http://www.w3.org/2001/XMLSchema-instance" xsi:schemaLocation="http://www.openarchives.org/OAI/2.0/ http://www.openarchives.org/OAI/2.0/OAI-PMH.xsd"><responseDate>2026-04-18T04:31:38Z</responseDate><request verb="GetRecord" identifier="oai:www.recercat.cat:20.500.12327/5099" metadataPrefix="marc">https://recercat.cat/oai/request</request><GetRecord><record><header><identifier>oai:recercat.cat:20.500.12327/5099</identifier><datestamp>2026-02-28T23:33:00Z</datestamp><setSpec>com_2072_4428</setSpec><setSpec>com_2072_4427</setSpec><setSpec>col_2072_487898</setSpec></header><metadata><record xmlns="http://www.loc.gov/MARC21/slim" xmlns:dcterms="http://purl.org/dc/terms/" xmlns:xsi="http://www.w3.org/2001/XMLSchema-instance" xmlns:doc="http://www.lyncode.com/xoai" xsi:schemaLocation="http://www.loc.gov/MARC21/slim http://www.loc.gov/standards/marcxml/schema/MARC21slim.xsd">
   <leader>00925njm 22002777a 4500</leader>
   <datafield ind2=" " ind1=" " tag="042">
      <subfield code="a">dc</subfield>
   </datafield>
   <datafield ind2=" " ind1=" " tag="720">
      <subfield code="a">Díaz-Avello, Ulises Guillermo</subfield>
      <subfield code="e">author</subfield>
   </datafield>
   <datafield ind2=" " ind1=" " tag="720">
      <subfield code="a">Skouridou, Vasso</subfield>
      <subfield code="e">author</subfield>
   </datafield>
   <datafield ind2=" " ind1=" " tag="720">
      <subfield code="a">Tsumuraya, Takeshi</subfield>
      <subfield code="e">author</subfield>
   </datafield>
   <datafield ind2=" " ind1=" " tag="720">
      <subfield code="a">Hirama, Masahiro</subfield>
      <subfield code="e">author</subfield>
   </datafield>
   <datafield ind2=" " ind1=" " tag="720">
      <subfield code="a">Oshiro, Naomasa</subfield>
      <subfield code="e">author</subfield>
   </datafield>
   <datafield ind2=" " ind1=" " tag="720">
      <subfield code="a">Campàs, Mònica</subfield>
      <subfield code="e">author</subfield>
   </datafield>
   <datafield ind2=" " ind1=" " tag="720">
      <subfield code="a">O'Sullivan, Ciara K.</subfield>
      <subfield code="e">author</subfield>
   </datafield>
   <datafield ind2=" " ind1=" " tag="260">
      <subfield code="c">2026-01-09</subfield>
   </datafield>
   <datafield ind2=" " ind1=" " tag="520">
      <subfield code="a">The increasing spread of toxin-producing Gambierdiscus dinoflagellates has led to cases of ciguatera poisoning in previously nonendemic regions. Ciguatoxins (CTXs) are potent, heat-stable compounds responsible for ciguatera, and their rapid and reliable analysis in seafood is essential to prevent illness. This study presents the development of the first lateral flow assay (LFA) for the detection of major Pacific CTXs congeners. The assay employs previously developed monoclonal antibodies in a sandwich format: specific antibodies against CTX1B and CTX3C are immobilized on a single test line, while the reporter antibody is a single antibody recognizing major Pacific CTX congeners that is conjugated to gold nanoparticles. The LFA provides one-step visual results in 30 min, making it suitable for resource-limited settings. It exhibits a visual limit of detection of 400 pg/mL and the assay is highly specific, showing no cross-reactivity with other marine toxins. It successfully detected Pacific CTXs spiked in noncontaminated fish extracts, as well as in naturally contaminated samples as previously confirmed by LC-MS/MS, with an estimated cutoff of approximately 0.1 μg/kg. Overall, this LFA demonstrates great potential as a rapid screening tool for outbreak investigations and research programs.</subfield>
   </datafield>
   <datafield ind1="8" ind2=" " tag="024">
      <subfield code="a">0003-2700</subfield>
   </datafield>
   <datafield ind1="8" ind2=" " tag="024">
      <subfield code="a">https://hdl.handle.net/20.500.12327/5099</subfield>
   </datafield>
   <datafield ind1="8" ind2=" " tag="024">
      <subfield code="a">https://doi.org/10.1021/acs.analchem.5c06159</subfield>
   </datafield>
   <datafield ind2="0" ind1="0" tag="245">
      <subfield code="a">Rapid Analysis of Pacific Ciguatoxins in Fish Extracts with a Lateral Flow Assay</subfield>
   </datafield>
</record></metadata></record></GetRecord></OAI-PMH>